| 000 | 00358 a2200109 4500 | ||
|---|---|---|---|
| 001 | ART_10712 | ||
| 005 | 20260410161831.0 | ||
| 008 | 260409a | ||
| 245 | 1 | 0 | _aLa reestructuración del sector autopartista a nivel internacional |
| 100 | 1 | _aMotta, Jorge J. | |
| 773 | 0 |
_tActualidad Económica _g- Año XVI, Nº 58 (ene./abr. 2006) _wREV5083 |
|
| 999 |
_c23216 _d23216 |
||